Vplyv ekonomického prenájmu zariadení reštauračného stravovania na ekonomiku podniku v podmienkach trhovej ekonomiky záverečná práca postgraduálneho štúdia

Na minha lista:
Detalhes bibliográficos
Autor principal: Lovas, Michal
Autor Corporativo: Vysoká škola ekonomická v Bratislave
Outros Autores: Patúš, Peter
Formato: Livro
Idioma:eslovaco
Publicado em: Bratislava 1991
Assuntos:
Tags: Adicionar Tag
Sem tags, seja o primeiro a adicionar uma tag!

MARC

LEADER 00000nam a2200000 4500
001 c002112
005 20221214095212.4
041 0 |a slo 
044 |a SK 
245 1 0 |a Vplyv ekonomického prenájmu zariadení reštauračného stravovania na ekonomiku podniku v podmienkach trhovej ekonomiky  |b záverečná práca postgraduálneho štúdia  |c Michal Lovas ; Škol. Peter Patúš 
264 1 |a Bratislava  |c 1991 
300 |a 39 s. 
610 2 0 |a prenájom 
610 2 0 |a zariadenia stravovacie 
610 2 0 |a stravovanie spoločné 
610 2 0 |a podnik 
610 2 0 |a hospodárstvo trhové 
610 2 0 |a Jednota-SD Trebišov 
610 2 0 |a hospodárenie podnikové 
610 2 0 |a činnosť hospodárska 
100 1 |a Lovas, Michal 
700 1 |a Patúš, Peter 
710 2 |a Vysoká škola ekonomická v Bratislave